Théorie de l'unité universelle / (Record no. 54490)

MARC details
000 -LEADER
campo de control de longitud fija 00686nam a22001935i 4500
001 - NÚMERO DE CONTROL
campo de control 54490
003 - IDENTIFICADOR DE NÚMERO DE CONTROL
campo de control ES-MaACL
005 - FECHA Y HORA DE LA ÚLTIMA TRANSACCIÓN
campo de control 20230906162949.0
007 - CAMPO FIJO DE DESCRIPCIÓN FÍSICA--INFORMACIÓN GENERAL
campo de control de longitud fija t|
008 - DATOS DE LONGITUD FIJA--INFORMACIÓN GENERAL
campo de control de longitud fija 960725s1843 fr ||||1| fre d
040 ## - FUENTE DE CATALOGACIÓN
Centro catalogador/agencia de origen CAM
Lengua de catalogación spa
Centro/agencia transcriptor CAM
100 1# - ENTRADA PRINCIPAL--NOMBRE DE PERSONA
Nombre de persona Fourier, Charles.
9 (RLIN) 51964
245 10 - MENCIÓN DEL TÍTULO
Título Théorie de l'unité universelle /
Mención de responsabilidad, etc. Ch. Fourier.
260 ## - PUBLICACIÓN, DISTRIBUCIÓN, ETC.
Lugar de publicación, distribución, etc. Paris :
Nombre del editor, distribuidor, etc. publiée par la Société pour la propagation et la réalisation de la théorie de Fourier,
Fecha de publicación, distribución, etc. 1843 (
Lugar de fabricación/manufactura Besancon :
Fabricante imprimerie de Saint-Agathe)
300 ## - DESCRIPCIÓN FÍSICA
Extensión 3 v. ;
Dimensiones 22 cm.
500 ## - NOTA GENERAL
Nota general Son los volúmenes 2, 3 y 4 de: Oeuvres complètes de Ch. Fourier.
650 #4 - PUNTO DE ACCESO ADICIONAL DE MATERIA--TÉRMINO DE MATERIA
Término de materia o nombre geográfico como elemento de entrada Fourierismo.
9 (RLIN) 149689
852 ## - LOCALIZACIÓN
Ubicación ES-MaACL
Número de control de estantería D-1721-3
Holdings
Estatus retirado Estado de pérdida Estado de daño No para préstamo Colección Biblioteca de origen Biblioteca actual Ubicación en estantería Fecha de adquisición Fuente de adquisición Total de préstamos Signatura topográfica completa Código de barras Visto por última vez Precio de reemplazo Tipo de ítem Koha
        Libros del s. XIX Biblioteca del Ateneo de Madrid Biblioteca del Ateneo de Madrid Sala Valle Inclán 17/01/2008     D-1721-3 901057260 23/02/2023 23/02/2023 Libro impreso antiguo